000 00681nam a22002177a 4500
003 UA-OsUOA
001 111866
007 ta
008 20150608b un ||||| |||| 00| 0 ukr d
100 _aАнзіна Г.В.
090 _a330(477)
_bА66
942 _cSA
040 _aUA-OsUOA
_bukr
_cUA-OsUOA
_dUA-OsUOA
245 _aОсобливості оцінки вартості власного капіталу в умовах граничних ринків
300 _aС.4-10
955 _a0
041 _aukr
080 _a330(477)
773 0 _w111865
_tЕкономіка. Фінанси. Право.
_dК.
_d2015
_g5
650 7 _a330 Економіка взагалі
_2UDC
999 _c397956
_d397956